[Event "GRE-ch U16"]
[Site "Peristeri"]
[Date "2024.06.24"]
[Round "4"]
[White "Papadimopoulos, Georgios D"]
[Black "Doukas, Evangelos"]
[Result "0-1"]
[WhiteElo "1622"]
[BlackElo "1490"]
[PlyCount "68"]
[EventDate "2024.06.22"]
[EventType "swiss"]
[EventRounds "9"]
[EventCountry "GRE"]
[SourceTitle "EXT 2025"]
[Source "ChessBase"]
[SourceDate "2024.10.14"]
[SourceVersion "1"]
[SourceVersionDate "2024.10.14"]
[SourceQuality "1"]

1. e4 c5 2. Nf3 e6 3. d4 cxd4 4. Nxd4 a6 5. Nc3 Nc6 6. Be3 Nf6 7. Be2 Bb4 8. f3 d5 9. Nxc6 bxc6 10. exd5 cxd5 11. 0-0 0-0 12. Qd4 Bd6 13. f4 Bb7 14. Rad1 Qe7 15. Rfe1 Rfc8 16. Bf3 Rc4 17. Qd2 Bc5 18. Bxc5 Qxc5+ 19. Kh1 Rc8 20. Re5 Qb6 21. Be2 Rb4 22. b3 Qc7 23. Na4 Re4 24. Bd3 Rxe5 25. fxe5 Qxe5 26. Re1 Qd6 27. Qg5 h6 28. Qh4 e5 29. Bf5 Re8 30. Re3 e4 31. Rg3 Kh8 32. Kg1 e3 33. Kf1 Qe5 34. Bd3 e2+ 0-1

[Event "GRE-ch U16"]
[Site "Peristeri"]
[Date "2024.06.23"]
[Round "2"]
[White "Papadimopoulos, Georgios D"]
[Black "Nakitsas, Stergios"]
[Result "1/2-1/2"]
[WhiteElo "1622"]
[BlackElo "1711"]
[PlyCount "81"]
[EventDate "2024.06.22"]
[EventType "swiss"]
[EventRounds "9"]
[EventCountry "GRE"]
[SourceTitle "EXT 2025"]
[Source "ChessBase"]
[SourceDate "2024.10.14"]
[SourceVersion "1"]
[SourceVersionDate "2024.10.14"]
[SourceQuality "1"]

1. e4 e6 2. d4 d5 3. exd5 exd5 4. Bd3 Nc6 5. c3 Bd6 6. Nf3 Nge7 7. 0-0 Bg4 8. h3 Bh5 9. Be3 Qd7 10. Re1 Bg6 11. Bxg6 Nxg6 12. Qb3 0-0 13. Nbd2 a6 14. Qc2 b5 15. a4 Rfb8 16. axb5 Rxb5 17. Ra2 f5 18. Nf1 Rab8 19. Rea1 a5 20. Bd2 Bf4 21. Ne3 Bxe3 22. Bxe3 Nge7 23. Bf4 Kh8 24. Qe2 Ng6 25. Bc1 h6 26. h4 Qc8 27. h5 Nge7 28. Ne5 Kh7 29. Nxc6 Nxc6 30. Qf3 Qe6 31. Qe3 Qf7 32. Qf3 Rb3 33. Qd1 Qe8 34. Ra3 Rxa3 35. Rxa3 Qe4 36. Ra1 f4 37. f3 Qf5 38. Qa4 Rb6 39. Qa3 Qc2 40. Qf8 Qd1+ 41. Kh2 1/2-1/2